|
|
|
|
| LEADER |
01227nam a2200337 a 4500 |
| 001 |
GR-Patra1645 |
| 008 |
991022s nyu 000 b eng d |
| 020 |
|
|
|a 0070370478
|
| 040 |
|
|
|a GrPaTEI
|b gre
|c GR-PaULI
|
| 245 |
0 |
0 |
|a Purchasing and materials management :
|b Text and cases.
|
| 250 |
|
|
|a 5th ed.
|
| 260 |
|
|
|a New York :
|b McGraw-Hill,
|c c1990
|
| 300 |
|
|
|a xix, 843σ. :
|b πίν.
|
| 490 |
1 |
|
|a McGraw-Hill series in marketing
|
| 500 |
|
|
|a Bibliography: p.823-826
|
| 650 |
|
0 |
|a INDUSTRIAL PROCUREMENT
|
| 650 |
|
0 |
|a MATERIALS MANAGEMENT
|
| 650 |
|
0 |
|a Purchasing
|
| 650 |
|
4 |
|a ΑΓΟΡΑ
|
| 650 |
|
4 |
|a ΒΙΟΜΗΧΑΝΙΚΕΣ ΠΡΟΜΗΘΕΙΕΣ
|
| 650 |
|
4 |
|a ΔΙΕΥΘΥΝΣΗ ΥΛΙΚΩΝ
|
| 650 |
|
4 |
|a ΠΡΟΜΗΘΕΙΕΣ, ΒΙΟΜΗΧΑΝΙΚΕΣ
|
| 700 |
1 |
|
|a Burt, David N.
|
| 700 |
1 |
|
|a Dobler, Donald W.
|
| 700 |
1 |
|
|a Lee, Lamar J.
|
| 710 |
0 |
|
|a McGraw-Hill
|
| 830 |
|
0 |
|1 00111676
|1 2001
|a McGraw-Hill series in marketing
|
| 942 |
|
|
|2 ddc
|
| 952 |
|
|
|0 0
|1 0
|2 ddc
|4 0
|6 658_700000000000000_DOB
|7 0
|9 283108
|a LISK
|b LISK
|c BSC
|d 2021-01-17
|e 24
|f 0
|g 0.00
|l 0
|o 658.7 DOB
|p 9241004896
|r 2021-01-17 00:00:00
|t 1
|w 2021-01-17
|y BK15
|x 19991024 0 1
|x GrPaTEI
|
| 971 |
|
|
|a .b26491436
|b 15-04-20
|c 23-09-16
|
| 999 |
|
|
|c 164799
|d 164799
|